[Event "34ème Open International d'Avoine"]
[Site "AVOINE"]
[Date "2019.07.20"]
[Round "6.4"]
[White "Travadon, Loic"]
[Black "Bouvet, Florian"]
[Result "1/2-1/2"]
[WhiteElo "2403"]
[BlackElo "2200"]
[PlyCount "133"]
[EventDate "2019.??.??"]
[WhiteTeam "Cergy Pontoise Echecs"]
[BlackTeam "Echiquier Club Le Mans"]

1. e4 {[%emt 0:00:01]} e6 {[%emt 0:03:29]} 2. d3 {[%emt 0:00:42]} d5 {
[%emt 0:00:00]} 3. Nd2 {[%emt 0:00:06]} c5 {[%emt 0:00:16]} 4. g3 {
[%emt 0:00:09]} Nc6 {[%emt 0:02:05]} 5. Bg2 {[%emt 0:00:58]} g6 {[%emt 0:01:26]
} 6. Ngf3 {[%emt 0:00:00]} Bg7 {[%emt 0:00:16]} 7. O-O {[%emt 0:00:05]} Nge7 {
[%emt 0:00:04]} 8. Re1 {[%emt 0:00:28]} b6 {[%emt 0:01:03]} 9. h4 {
[%emt 0:01:36]} h6 {[%emt 0:02:00]} 10. e5 {[%emt 0:12:01]} Qc7 {[%emt 0:00:26]
} 11. Qe2 {[%emt 0:00:06]} g5 {[%emt 0:02:21]} 12. hxg5 {[%emt 0:15:06]} hxg5 {
[%emt 0:00:08]} 13. Nxg5 {[%emt 0:00:58]} Qxe5 {[%emt 0:01:03]} 14. Qxe5 {
[%emt 0:00:47]} Bxe5 {[%emt 0:00:00]} 15. Ndf3 {[%emt 0:06:24]} Bg7 {
[%emt 0:10:41]} 16. c3 {[%emt 0:02:38]} a5 {[%emt 0:00:28]} 17. Bf4 {
[%emt 0:07:46]} Ra7 {[%emt 0:00:26]} 18. Nh4 {[%emt 0:11:48]} a4 {
[%emt 0:06:04]} 19. a3 {[%emt 0:00:41]} e5 {[%emt 0:14:19]} 20. Bd2 {
[%emt 0:00:06]} f6 {[%emt 0:04:26]} 21. Nh3 {[%emt 0:00:29]} Ba6 {
[%emt 0:00:27]} 22. Bf1 {[%emt 0:01:59]} Na5 {[%emt 0:04:17]} 23. Rad1 {
[%emt 0:00:50]} Nb3 {[%emt 0:00:11]} 24. f4 {[%emt 0:01:05]} Nxd2 {
[%emt 0:00:59]} 25. Rxd2 {[%emt 0:06:08]} O-O {[%emt 0:05:55]} 26. d4 {
[%emt 0:03:32]} e4 {[%emt 0:06:11]} 27. Bxa6 {[%emt 0:04:55]} Rxa6 {
[%emt 0:00:03]} 28. Kh2 {[%emt 0:01:18]} f5 {[%emt 0:05:41]} 29. Nf3 {
[%emt 0:10:18]} Ra7 {[%emt 0:04:20]} 30. Ne5 {[%emt 0:00:55]} cxd4 {
[%emt 0:02:16]} 31. Rxd4 {[%emt 0:01:31]} b5 {[%emt 0:04:16]} 32. Red1 {
[%emt 0:05:43]} Rf6 {[%emt 0:03:51]} 33. Kg2 {[%emt 0:01:00]} Rb7 {
[%emt 0:01:18]} 34. Rb4 {[%emt 0:01:00]} Rfb6 {[%emt 0:03:39]} 35. Rbd4 {
[%emt 0:01:50]} Rf6 {[%emt 0:00:15]} 36. Ng5 {[%emt 0:00:26]} Rh6 {
[%emt 0:02:53]} 37. Rh1 {[%emt 0:03:34]} Rxh1 {[%emt 0:01:56]} 38. Kxh1 {
[%emt 0:00:00]} Bxe5 {[%emt 0:03:16]} 39. fxe5 {[%emt 0:00:02]} Rb6 {
[%emt 0:06:08]} 40. Kg2 {[%emt 0:00:03]} Rc6 {[%emt 0:03:02]} 41. Nh3 {
[%emt 0:03:19]} Rc5 {[%emt 0:04:23]} 42. Nf4 {[%emt 0:06:34]} Kf7 {
[%emt 0:01:34]} 43. Kf2 {[%emt 0:01:51]} Nc6 {[%emt 0:09:48]} 44. e6+ {
[%emt 0:01:23]} Kf6 {[%emt 0:02:46]} 45. Nxd5+ {[%emt 0:01:08]} Kxe6 {
[%emt 0:00:43]} 46. Nf4+ {[%emt 0:00:15]} Ke7 {[%emt 0:00:00]} 47. Rd1 {
[%emt 0:01:12]} Ne5 {[%emt 0:01:01]} 48. Ke3 {[%emt 0:08:26]} Nc4+ {
[%emt 0:05:01]} 49. Kd4 {[%emt 0:00:11]} Nxb2 {[%emt 0:00:56]} 50. Kxc5 {
[%emt 0:00:39]} Nxd1 {[%emt 0:00:04]} 51. Ne2 {[%emt 0:00:08]} Kf6 {
[%emt 0:08:00]} 52. Kxb5 {[%emt 0:00:45]} Ke5 {[%emt 0:01:14]} 53. Kxa4 {
[%emt 0:06:22]} Ne3 {[%emt 0:01:57]} 54. Kb3 {[%emt 0:03:03]} Nf1 {
[%emt 0:00:47]} 55. a4 {[%emt 0:02:39]} Kd5 {[%emt 0:01:30]} 56. Kb4 {
[%emt 0:07:25]} e3 {[%emt 0:00:00]} 57. c4+ {[%emt 0:00:56]} Kc6 {
[%emt 0:01:40]} 58. a5 {[%emt 0:00:33]} Kc7 {[%emt 0:01:35]} 59. Kc5 {
[%emt 0:01:48]} Kb7 {[%emt 0:01:55]} 60. g4 {[%emt 0:00:00]} fxg4 {
[%emt 0:00:22]} 61. Kd6 {[%emt 0:01:13]} Nd2 {[%emt 0:02:09]} 62. Kd5 {
[%emt 0:01:43]} Nb3 {[%emt 0:01:42]} 63. Ke4 {[%emt 0:00:12]} Nxa5 {
[%emt 0:00:15]} 64. Kxe3 {[%emt 0:00:00]} Nxc4+ {[%emt 0:00:12]} 65. Kf4 {
[%emt 0:00:00]} g3 {[%emt 0:00:09]} 66. Kxg3 {[%emt 0:00:04]} Ne3 {
[%emt 0:00:24]} 67. Nc3 {1/2-1/2 (67) Travadon,L (2403)-Bouvet,F (2200) Avoine,
France 2019 [%emt 0:00:06]} 1/2-1/2

[Event "34ème Open International d'Avoine"]
[Site "AVOINE"]
[Date "2019.07.20"]
[Round "6.5"]
[White "Msellek, Ilyass"]
[Black "Ollier, Pablo"]
[Result "0-1"]
[WhiteElo "2237"]
[BlackElo "2381"]
[PlyCount "34"]
[EventDate "2019.??.??"]
[WhiteTeam "Tremblay en France"]
[BlackTeam "Echiquier Médocain"]

1. e4 {[%emt 0:08:30]} e5 {[%emt 0:00:16]} 2. Nf3 {[%emt 0:00:09]} Nc6 {
[%emt 0:00:07]} 3. Bb5 {[%emt 0:00:05]} a6 {[%emt 0:00:07]} 4. Ba4 {
[%emt 0:00:00]} d6 {[%emt 0:00:23]} 5. c3 {[%emt 0:00:07]} f5 {[%emt 0:01:27]}
6. exf5 {[%emt 0:01:04]} Bxf5 {[%emt 0:00:08]} 7. O-O {[%emt 0:00:36]} Bd3 {
[%emt 0:00:15]} 8. Re1 {[%emt 0:01:20]} Be7 {[%emt 0:00:23]} 9. Re3 {
[%emt 0:21:26]} e4 {[%emt 0:00:00]} 10. Ne1 {[%emt 0:09:27]} Bg5 {
[%emt 0:01:08]} 11. Rg3 {[%emt 0:01:36]} Bh4 {[%emt 0:01:09]} 12. Rh3 {
[%emt 0:20:07]} Bxf2+ {[%emt 0:00:42]} 13. Kxf2 {[%emt 0:00:12]} Qf6+ {
[%emt 0:00:10]} 14. Nf3 {[%emt 0:00:12]} Nh6 {[%emt 0:04:00]} 15. Bxc6+ {
[%emt 0:24:48]} bxc6 {[%emt 0:00:09]} 16. g4 {[%emt 0:00:14]} O-O {
[%emt 0:06:40]} 17. Rg3 {[%emt 0:01:00]} exf3 {
0-1 (17) Msellek,I (2237)-Ollier,P (2381) Avoine, France 2019 [%emt 0:03:27]}
0-1

[Event "34ème Open International d'Avoine"]
[Site "AVOINE"]
[Date "2019.07.20"]
[Round "6.6"]
[White "Ollier, Milan"]
[Black "Colin, Vincent"]
[Result "0-1"]
[WhiteElo "2227"]
[BlackElo "2370"]
[PlyCount "136"]
[EventDate "2019.??.??"]
[WhiteTeam "Echiquier Médocain"]
[BlackTeam "Les Tours des Hauts de France - St Quentin"]

1. e4 {[%emt 0:00:04]} c5 {[%emt 0:00:05]} 2. Nf3 {[%emt 0:00:10]} d6 {
[%emt 0:00:00]} 3. Be2 {[%emt 0:02:07]} Nc6 {[%emt 0:03:30]} 4. d3 {
[%emt 0:00:48]} g6 {[%emt 0:00:21]} 5. O-O {[%emt 0:00:39]} Bg7 {[%emt 0:00:06]
} 6. Re1 {[%emt 0:00:00]} e5 {[%emt 0:07:46]} 7. a3 {[%emt 0:10:26]} a5 {
[%emt 0:00:36]} 8. a4 {[%emt 0:00:12]} Nge7 {[%emt 0:00:13]} 9. Na3 {
[%emt 0:01:54]} O-O {[%emt 0:00:00]} 10. c3 {[%emt 0:02:28]} d5 {[%emt 0:03:43]
} 11. exd5 {[%emt 0:12:03]} Nxd5 {[%emt 0:00:29]} 12. Nb5 {[%emt 0:00:08]} Bf5
{[%emt 0:05:37]} 13. Bg5 {[%emt 0:08:01]} Qd7 {[%emt 0:02:19]} 14. Qd2 {
[%emt 0:20:01]} Rfe8 {[%emt 0:09:41]} 15. g3 {[%emt 0:02:11]} f6 {
[%emt 0:05:41]} 16. Bh6 {[%emt 0:07:01]} g5 {[%emt 0:05:53]} 17. Bxg7 {
[%emt 0:00:32]} Kxg7 {[%emt 0:00:04]} 18. Qc1 {[%emt 0:07:00]} Na7 {
[%emt 0:08:48]} 19. Na3 {[%emt 0:04:50]} Rad8 {[%emt 0:04:54]} 20. Nd2 {
[%emt 0:05:40]} b6 {[%emt 0:06:40]} 21. Nac4 {[%emt 0:01:24]} Nc8 {
[%emt 0:03:10]} 22. Ne4 {[%emt 0:01:12]} Bg6 {[%emt 0:00:50]} 23. Bf1 {
[%emt 0:06:08]} h6 {[%emt 0:02:48]} 24. Qd2 {[%emt 0:01:24]} Qc7 {
[%emt 0:07:37]} 25. Qe2 {[%emt 0:02:22]} Re7 {[%emt 0:01:08]} 26. Bg2 {
[%emt 0:01:11]} Na7 {[%emt 0:01:00]} 27. Rad1 {[%emt 0:02:33]} Nc6 {
[%emt 0:01:48]} 28. Na3 {[%emt 0:00:31]} Na7 {[%emt 0:03:22]} 29. Nc4 {
[%emt 0:01:09]} Be8 {[%emt 0:01:08]} 30. Qc2 {[%emt 0:01:42]} Bc6 {
[%emt 0:02:41]} 31. Ned2 {[%emt 0:01:17]} Qd7 {[%emt 0:01:00]} 32. h3 {
[%emt 0:01:50]} Bxa4 {[%emt 0:01:01]} 33. b3 {[%emt 0:00:24]} Bc6 {
[%emt 0:00:07]} 34. Kh2 {[%emt 0:00:38]} Qc7 {[%emt 0:00:49]} 35. Be4 {
[%emt 0:01:32]} b5 {[%emt 0:02:56]} 36. Ne3 {[%emt 0:01:24]} Nxe3 {
[%emt 0:00:10]} 37. fxe3 {[%emt 0:00:28]} Bxe4 {[%emt 0:02:56]} 38. dxe4 {
[%emt 0:00:07]} Red7 {[%emt 0:00:26]} 39. Nf1 {[%emt 0:01:17]} h5 {
[%emt 0:01:30]} 40. Qe2 {[%emt 0:00:00]} Rxd1 {[%emt 0:02:35]} 41. Rxd1 {
[%emt 0:01:33]} Rxd1 {[%emt 0:00:37]} 42. Qxd1 {[%emt 0:00:04]} Qf7 {
[%emt 0:00:08]} 43. Qd8 {[%emt 0:03:20]} Qxb3 {[%emt 0:08:09]} 44. Qxa5 {
[%emt 0:01:06]} Qf7 {[%emt 0:00:47]} 45. c4 {[%emt 0:00:00]} Qb7 {
[%emt 0:11:20]} 46. Nd2 {[%emt 0:06:27]} Nc6 {[%emt 0:03:01]} 47. Qxb5 {
[%emt 0:03:45]} Qxb5 {[%emt 0:00:13]} 48. cxb5 {[%emt 0:00:06]} Na5 {
[%emt 0:00:04]} 49. Kg2 {[%emt 0:08:35]} Kf7 {[%emt 0:03:32]} 50. Kf2 {
[%emt 0:00:00]} Ke6 {[%emt 0:00:47]} 51. Ke2 {[%emt 0:01:13]} c4 {
[%emt 0:00:47]} 52. Nb1 {[%emt 0:00:35]} Kd6 {[%emt 0:00:28]} 53. Kd2 {
[%emt 0:13:49]} Kc5 {[%emt 0:02:15]} 54. g4 {[%emt 0:00:47]} hxg4 {
[%emt 0:06:57]} 55. hxg4 {[%emt 0:00:00]} Nb7 {[%emt 0:00:11]} 56. Nc3 {
[%emt 0:00:54]} Nd6 {[%emt 0:00:06]} 57. Kc2 {[%emt 0:00:21]} Nxb5 {
[%emt 0:02:58]} 58. Nd5 {[%emt 0:00:23]} f5 {[%emt 0:01:00]} 59. gxf5 {
[%emt 0:01:58]} g4 {[%emt 0:03:38]} 60. f6 {[%emt 0:00:06]} Nd6 {[%emt 0:00:35]
} 61. Kd1 {[%emt 0:00:48]} Kc6 {[%emt 0:03:00]} 62. Ke2 {[%emt 0:01:30]} Kb5 {
[%emt 0:03:44]} 63. Kf2 {[%emt 0:03:57]} Ka4 {[%emt 0:04:04]} 64. Kg3 {
[%emt 0:03:55]} Kb3 {[%emt 0:00:57]} 65. Kxg4 {[%emt 0:00:18]} c3 {
[%emt 0:00:08]} 66. Nxc3 {[%emt 0:04:21]} Kxc3 {[%emt 0:00:38]} 67. f7 {
[%emt 0:00:03]} Nxf7 {[%emt 0:00:08]} 68. Kf5 {[%emt 0:00:03]} Kd3 {
0-1 (68) Ollier,M (2227)-Colin,V (2370) Avoine, France 2019 [%emt 0:00:10]} 0-1

[Event "34ème Open International d'Avoine"]
[Site "AVOINE"]
[Date "2019.07.20"]
[Round "6.7"]
[White "Deslandes, Pascal"]
[Black "Schmit, Vincent"]
[Result "1-0"]
[WhiteElo "2341"]
[BlackElo "2192"]
[PlyCount "35"]
[EventDate "2019.??.??"]
[WhiteTeam "Club d'Echecs du Vesinet"]
[BlackTeam "Cavalier Bleu Drancy"]

1. e4 {[%emt 0:00:04]} e5 {[%emt 0:03:04]} 2. Nf3 {[%emt 0:00:13]} Nc6 {
[%emt 0:00:03]} 3. Bb5 {[%emt 0:00:13]} Nge7 {[%emt 0:00:57]} 4. d4 {
[%emt 0:05:19]} exd4 {[%emt 0:00:22]} 5. Nxd4 {[%emt 0:00:12]} g6 {
[%emt 0:00:31]} 6. Nc3 {[%emt 0:01:19]} Bg7 {[%emt 0:00:05]} 7. Be3 {
[%emt 0:01:12]} O-O {[%emt 0:00:00]} 8. O-O {[%emt 0:06:25]} d6 {[%emt 0:00:30]
} 9. Qd2 {[%emt 0:04:22]} a6 {[%emt 0:05:17]} 10. Be2 {[%emt 0:02:31]} f5 {
[%emt 0:02:18]} 11. Bc4+ {[%emt 0:00:00]} Kh8 {[%emt 0:04:55]} 12. Ne6 {
[%emt 0:02:32]} Bxe6 {[%emt 0:00:08]} 13. Bxe6 {[%emt 0:00:05]} Ne5 {
[%emt 0:14:52]} 14. Bg5 {[%emt 0:18:36]} Qe8 {[%emt 0:01:45]} 15. f4 {
[%emt 0:01:38]} N5c6 {[%emt 0:11:53]} 16. Rae1 {[%emt 0:03:00]} Nd4 {
[%emt 0:15:28]} 17. exf5 {[%emt 0:02:49]} gxf5 {[%emt 0:02:54]} 18. Bd5 {
1-0 (18) Deslandes,P (2341)-Schmit,V (2192) Avoine, France 2019 [%emt 0:05:09]}
1-0

[Event "34ème Open International d'Avoine"]
[Site "AVOINE"]
[Date "2019.07.20"]
[Round "6.8"]
[White "Bouget, Alexandre"]
[Black "Lebret, Jean-Michel"]
[Result "1/2-1/2"]
[WhiteElo "2275"]
[BlackElo "1996"]
[PlyCount "197"]
[EventDate "2019.??.??"]
[WhiteTeam "Echiquier Guingampais"]
[BlackTeam "Lille Université Club Echiquier du Nord"]

1. d4 {[%emt 0:00:03]} d5 {[%emt 0:00:28]} 2. c4 {[%emt 0:00:08]} e6 {
[%emt 0:00:00]} 3. Nc3 {[%emt 0:00:07]} c5 {[%emt 0:00:05]} 4. cxd5 {
[%emt 0:00:09]} exd5 {[%emt 0:00:19]} 5. dxc5 {[%emt 0:00:05]} d4 {
[%emt 0:04:20]} 6. Na4 {[%emt 0:00:07]} Bxc5 {[%emt 0:04:40]} 7. Nxc5 {
[%emt 0:00:11]} Qa5+ {[%emt 0:00:00]} 8. Bd2 {[%emt 0:00:06]} Qxc5 {
[%emt 0:00:35]} 9. Rc1 {[%emt 0:00:04]} Qf5 {[%emt 0:00:26]} 10. Nf3 {
[%emt 0:00:11]} Nc6 {[%emt 0:00:47]} 11. Qa4 {[%emt 0:00:02]} Qd5 {
[%emt 0:06:13]} 12. e3 {[%emt 0:00:11]} dxe3 {[%emt 0:11:00]} 13. Bxe3 {
[%emt 0:00:06]} Be6 {[%emt 0:00:17]} 14. Bc4 {[%emt 0:05:31]} Qd7 {
[%emt 0:16:56]} 15. Bxe6 {[%emt 0:00:49]} Qxe6 {[%emt 0:06:44]} 16. O-O {
[%emt 0:25:32]} Nge7 {[%emt 0:06:29]} 17. Rfe1 {[%emt 0:04:51]} O-O {
[%emt 0:00:00]} 18. Bg5 {[%emt 0:02:03]} Qd6 {[%emt 0:01:19]} 19. Rcd1 {
[%emt 0:00:10]} Qc7 {[%emt 0:05:35]} 20. Bxe7 {[%emt 0:02:54]} Nxe7 {
[%emt 0:00:03]} 21. Rd7 {[%emt 0:00:18]} Qc6 {[%emt 0:00:02]} 22. Qxc6 {
[%emt 0:00:41]} Nxc6 {[%emt 0:00:00]} 23. Rxb7 {[%emt 0:00:11]} a5 {
[%emt 0:06:10]} 24. h3 {[%emt 0:07:24]} Rab8 {[%emt 0:02:03]} 25. Rc7 {
[%emt 0:00:41]} Nb4 {[%emt 0:00:33]} 26. Re5 {[%emt 0:15:32]} Nxa2 {
[%emt 0:06:23]} 27. Rxa5 {[%emt 0:00:04]} Rxb2 {[%emt 0:00:00]} 28. Raa7 {
[%emt 0:02:58]} Nb4 {[%emt 0:07:44]} 29. Ng5 {[%emt 0:05:31]} Nd5 {
[%emt 0:01:51]} 30. Rxf7 {[%emt 0:02:59]} Rxf7 {[%emt 0:00:32]} 31. Nxf7 {
[%emt 0:00:32]} h6 {[%emt 0:02:20]} 32. Nd6 {[%emt 0:00:28]} g6 {[%emt 0:07:12]
} 33. Nf7 {[%emt 0:04:33]} h5 {[%emt 0:01:17]} 34. Ne5 {[%emt 0:09:46]} Nf4 {
[%emt 0:02:52]} 35. Nf3 {[%emt 0:02:07]} Nd3 {[%emt 0:02:30]} 36. Nh4 {
[%emt 0:00:00]} g5 {[%emt 0:00:52]} 37. Nf5 {[%emt 0:01:14]} Rb1+ {
[%emt 0:00:25]} 38. Kh2 {[%emt 0:00:08]} Nxf2 {[%emt 0:00:08]} 39. Nh6+ {
[%emt 0:04:23]} Kh8 {[%emt 0:01:06]} 40. Nf7+ {[%emt 0:01:13]} Kg8 {
[%emt 0:01:55]} 41. Nh6+ {[%emt 0:05:41]} Kh8 {[%emt 0:00:16]} 42. Nf7+ {
[%emt 0:03:13]} Kg8 {[%emt 0:00:10]} 43. Nxg5 {[%emt 0:00:35]} h4 {
[%emt 0:00:15]} 44. g3 {[%emt 0:00:02]} hxg3+ {[%emt 0:01:53]} 45. Kxg3 {
[%emt 0:00:03]} Rg1+ {[%emt 0:03:30]} 46. Kf4 {[%emt 0:03:48]} Rh1 {
[%emt 0:05:15]} 47. Kg3 {[%emt 0:05:59]} Rg1+ {[%emt 0:00:06]} 48. Kh4 {
[%emt 0:00:22]} Nxh3 {[%emt 0:02:26]} 49. Nxh3 {[%emt 0:00:09]} Rg7 {
[%emt 0:00:07]} 50. Ra6 {[%emt 0:00:36]} Rb7 {[%emt 0:01:36]} 51. Ng5 {
[%emt 0:00:00]} Kf8 {[%emt 0:02:09]} 52. Rg6 {[%emt 0:02:39]} Rb1 {
[%emt 0:00:34]} 53. Re6 {[%emt 0:00:28]} Kg7 {[%emt 0:00:46]} 54. Nh3 {
[%emt 0:01:32]} Ra1 {[%emt 0:03:38]} 55. Kh5 {[%emt 0:01:02]} Rh1 {
[%emt 0:00:19]} 56. Kg4 {[%emt 0:00:45]} Ra1 {[%emt 0:00:06]} 57. Kf5 {
[%emt 0:01:58]} Ra5+ {[%emt 0:00:50]} 58. Kg4 {[%emt 0:00:28]} Ra1 {
[%emt 0:00:11]} 59. Nf4 {[%emt 0:00:42]} Kf7 {[%emt 0:00:00]} 60. Rd6 {
[%emt 0:00:43]} Ke7 {[%emt 0:01:00]} 61. Rb6 {[%emt 0:00:22]} Ra5 {
[%emt 0:02:30]} 62. Kf3 {[%emt 0:02:04]} Ra4 {[%emt 0:03:04]} 63. Nd5+ {
[%emt 0:01:08]} Kd7 {[%emt 0:01:38]} 64. Ke3 {[%emt 0:00:56]} Ra1 {
[%emt 0:00:52]} 65. Nc3 {[%emt 0:01:16]} Rh1 {[%emt 0:00:20]} 66. Kd4 {
[%emt 0:00:11]} Rg1 {[%emt 0:01:54]} 67. Ke5 {[%emt 0:05:18]} Rg5+ {
[%emt 0:01:36]} 68. Kd4 {[%emt 0:00:21]} Rg1 {[%emt 0:00:07]} 69. Kc5 {
[%emt 0:00:28]} Rc1 {[%emt 0:00:45]} 70. Kc4 {[%emt 0:00:24]} Rh1 {
[%emt 0:00:54]} 71. Ne2 {[%emt 0:03:13]} Rh4+ {[%emt 0:07:11]} 72. Nd4 {
[%emt 0:00:48]} Rh1 {[%emt 0:00:46]} 73. Nf3 {[%emt 0:00:00]} Ra1 {
[%emt 0:02:15]} 74. Rg6 {[%emt 0:05:39]} Ke7 {[%emt 0:02:56]} 75. Kd5 {
[%emt 0:00:41]} Ra5+ {[%emt 0:00:35]} 76. Ke4 {[%emt 0:00:07]} Ra1 {
[%emt 0:00:26]} 77. Rh6 {[%emt 0:02:56]} Rb1 {[%emt 0:02:14]} 78. Kf5 {
[%emt 0:01:25]} Rf1 {[%emt 0:00:08]} 79. Kf4 {[%emt 0:00:39]} Ra1 {
[%emt 0:00:27]} 80. Nd2 {[%emt 0:01:04]} Ra4+ {[%emt 0:02:16]} 81. Ne4 {
[%emt 0:01:04]} Ra1 {[%emt 0:00:00]} 82. Ke5 {[%emt 0:01:36]} Ra5+ {
[%emt 0:00:20]} 83. Kf4 {[%emt 0:00:52]} Ra1 {[%emt 0:00:29]} 84. Rh7+ {
[%emt 0:00:06]} Ke6 {[%emt 0:01:08]} 85. Ng5+ {[%emt 0:00:41]} Kd6 {
[%emt 0:01:38]} 86. Rh6+ {[%emt 0:00:41]} Kd5 {[%emt 0:01:00]} 87. Rh5 {
[%emt 0:01:42]} Rb1 {[%emt 0:05:05]} 88. Ne4+ {[%emt 0:00:30]} Ke6 {
[%emt 0:00:32]} 89. Rh6+ {[%emt 0:01:35]} Ke7 {[%emt 0:00:23]} 90. Nd6 {
[%emt 0:00:38]} Ra1 {[%emt 0:01:09]} 91. Nf5+ {[%emt 0:01:04]} Kf7 {
[%emt 0:01:00]} 92. Ne3 {[%emt 0:00:39]} Re1 {[%emt 0:03:28]} 93. Ng4 {
[%emt 0:00:27]} Rf1+ {[%emt 0:00:36]} 94. Kg5 {[%emt 0:00:22]} Ke7 {
[%emt 0:00:23]} 95. Ne3 {[%emt 0:00:26]} Rf2 {[%emt 0:01:38]} 96. Nd5+ {
[%emt 0:00:24]} Kd7 {[%emt 0:00:00]} 97. Nf6+ {[%emt 0:00:09]} Kc7 {
[%emt 0:00:14]} 98. Rh7+ {[%emt 0:00:42]} Kc6 {[%emt 0:00:15]} 99. Ng4 {
1/2-1/2 (99) Bouget,A (2275) -Lebret,J (1996) Avoine, France 2019 [%emt 0:00:
00]} 1/2-1/2

[Event "34ème Open International d'Avoine"]
[Site "AVOINE"]
[Date "2019.07.20"]
[Round "6.9"]
[White "Maiorov, Nikita"]
[Black "Dupont, Victor"]
[Result "1-0"]
[WhiteElo "2522"]
[BlackElo "1984"]
[PlyCount "117"]
[EventDate "2019.??.??"]
[BlackTeam "La Tour Basilienne"]

1. d4 {[%emt 0:02:00]} d5 {[%emt 0:00:59]} 2. c4 {[%emt 0:00:07]} e6 {
[%emt 0:00:00]} 3. Nf3 {[%emt 0:00:18]} c6 {[%emt 0:01:19]} 4. e3 {
[%emt 0:00:06]} Nf6 {[%emt 0:00:15]} 5. Nc3 {[%emt 0:04:43]} Nbd7 {
[%emt 0:01:12]} 6. Qc2 {[%emt 0:00:00]} Bd6 {[%emt 0:02:28]} 7. Be2 {
[%emt 0:00:04]} dxc4 {[%emt 0:00:33]} 8. Bxc4 {[%emt 0:00:04]} b5 {
[%emt 0:00:11]} 9. Be2 {[%emt 0:00:05]} Bb7 {[%emt 0:00:00]} 10. O-O {
[%emt 0:00:21]} a6 {[%emt 0:06:03]} 11. e4 {[%emt 0:00:24]} e5 {[%emt 0:01:00]}
12. dxe5 {[%emt 0:05:52]} Nxe5 {[%emt 0:00:24]} 13. Nd4 {[%emt 0:00:10]} O-O {
[%emt 0:14:44]} 14. Nf5 {[%emt 0:00:49]} Bc5 {[%emt 0:01:00]} 15. Bg5 {
[%emt 0:09:03]} Ned7 {[%emt 0:10:06]} 16. e5 {[%emt 0:19:56]} Nxe5 {
[%emt 0:00:06]} 17. Ne4 {[%emt 0:00:13]} Be7 {[%emt 0:01:48]} 18. Rad1 {
[%emt 0:05:25]} Qc7 {[%emt 0:05:01]} 19. Nxf6+ {[%emt 0:08:47]} Bxf6 {
[%emt 0:00:00]} 20. Bxf6 {[%emt 0:00:13]} gxf6 {[%emt 0:00:05]} 21. Qc3 {
[%emt 0:00:22]} Qb6 {[%emt 0:08:41]} 22. Rd6 {[%emt 0:02:20]} Bc8 {
[%emt 0:05:01]} 23. Rxc6 {[%emt 0:00:47]} Qd8 {[%emt 0:03:42]} 24. Rd1 {
[%emt 0:05:00]} Qe8 {[%emt 0:01:00]} 25. Rxf6 {[%emt 0:03:09]} Bxf5 {
[%emt 0:00:24]} 26. Rxf5 {[%emt 0:00:06]} Ng6 {[%emt 0:00:25]} 27. Bf1 {
[%emt 0:00:11]} Qe4 {[%emt 0:04:01]} 28. Rc5 {[%emt 0:01:07]} Rfe8 {
[%emt 0:10:40]} 29. g3 {[%emt 0:01:22]} Ra7 {[%emt 0:02:00]} 30. Bg2 {
[%emt 0:04:32]} Qe6 {[%emt 0:04:32]} 31. Bc6 {[%emt 0:02:37]} Rc8 {
[%emt 0:06:09]} 32. Bxb5 {[%emt 0:02:21]} Rb8 {[%emt 0:03:16]} 33. Bc4 {
[%emt 0:01:41]} Qb6 {[%emt 0:02:42]} 34. Bb3 {[%emt 0:02:08]} a5 {
[%emt 0:00:54]} 35. Rc6 {[%emt 0:01:18]} Qb5 {[%emt 0:01:49]} 36. Rc8+ {
[%emt 0:04:51]} Rxc8 {[%emt 0:00:25]} 37. Qxc8+ {[%emt 0:00:05]} Kg7 {
[%emt 0:00:05]} 38. Qc3+ {[%emt 0:00:11]} f6 {[%emt 0:00:59]} 39. Rd8 {
[%emt 0:00:38]} Qe5 {[%emt 0:02:00]} 40. Rg8+ {[%emt 0:01:30]} Kh6 {
[%emt 0:00:07]} 41. Qc1+ {[%emt 0:00:06]} Qg5 {[%emt 0:00:32]} 42. Qc8 {
[%emt 0:05:02]} f5 {[%emt 0:04:20]} 43. h4 {[%emt 0:02:28]} Qf6 {[%emt 0:02:26]
} 44. Qc1+ {[%emt 0:00:05]} f4 {[%emt 0:00:00]} 45. h5 {[%emt 0:01:05]} Ne5 {
[%emt 0:05:54]} 46. Qxf4+ {[%emt 0:01:08]} Qxf4 {[%emt 0:00:08]} 47. gxf4 {
[%emt 0:00:03]} Nd3 {[%emt 0:02:29]} 48. f5 {[%emt 0:00:08]} Rg7+ {
[%emt 0:00:05]} 49. Rxg7 {[%emt 0:00:09]} Kxg7 {[%emt 0:00:00]} 50. Kf1 {
[%emt 0:00:57]} Kf6 {[%emt 0:01:46]} 51. Bg8 {[%emt 0:02:24]} Kg7 {
[%emt 0:06:16]} 52. Bb3 {[%emt 0:07:36]} Kf6 {[%emt 0:00:37]} 53. Ke2 {
[%emt 0:04:02]} Nxb2 {[%emt 0:06:58]} 54. a4 {[%emt 0:06:28]} Kg5 {
[%emt 0:08:00]} 55. Kd2 {[%emt 0:00:26]} Kxh5 {[%emt 0:00:04]} 56. Kc2 {
[%emt 0:00:05]} Nxa4 {[%emt 0:00:05]} 57. Bxa4 {[%emt 0:00:05]} Kg5 {
[%emt 0:00:11]} 58. Bd7 {[%emt 0:00:20]} h5 {[%emt 0:00:21]} 59. Kd3 {
1-0 (59) Maiorov,N (2522)-Dupont,V (1984) Avoine, France 2019 [%emt 0:00:22]}
1-0

[Event "34ème Open International d'Avoine"]
[Site "AVOINE"]
[Date "2019.07.20"]
[Round "6.10"]
[White "Bressy, Theo"]
[Black "Demuth, Adrien"]
[Result "1/2-1/2"]
[WhiteElo "2182"]
[BlackElo "2502"]
[PlyCount "70"]
[EventDate "2019.??.??"]
[WhiteTeam "Echiquier Piscénois - Pézénas"]
[BlackTeam "Nice Alekhine"]

1. e4 {[%emt 0:00:00]} e6 {[%emt 0:00:04]} 2. d4 {[%emt 0:00:02]} d5 {
[%emt 0:00:00]} 3. Nc3 {[%emt 0:00:01]} Bb4 {[%emt 0:00:30]} 4. e5 {
[%emt 0:00:04]} c5 {[%emt 0:00:10]} 5. a3 {[%emt 0:00:02]} Bxc3+ {
[%emt 0:00:11]} 6. bxc3 {[%emt 0:00:03]} Ne7 {[%emt 0:00:06]} 7. Qg4 {
[%emt 0:00:03]} O-O {[%emt 0:02:02]} 8. Bd3 {[%emt 0:00:04]} f5 {[%emt 0:00:29]
} 9. exf6 {[%emt 0:00:03]} Rxf6 {[%emt 0:00:04]} 10. Bg5 {[%emt 0:00:03]} Rf7 {
[%emt 0:00:07]} 11. Qh5 {[%emt 0:00:03]} g6 {[%emt 0:04:01]} 12. Qd1 {
[%emt 0:00:20]} Nbc6 {[%emt 0:01:40]} 13. Nf3 {[%emt 0:07:22]} Qf8 {
[%emt 0:09:19]} 14. Qd2 {[%emt 0:07:13]} c4 {[%emt 0:26:00]} 15. Be2 {
[%emt 0:00:21]} Nf5 {[%emt 0:07:10]} 16. g4 {[%emt 0:03:00]} Nd6 {
[%emt 0:06:00]} 17. Bh6 {[%emt 0:01:18]} Qe7 {[%emt 0:13:09]} 18. Ng5 {
[%emt 0:02:58]} Rf6 {[%emt 0:00:10]} 19. f4 {[%emt 0:01:38]} Nd8 {
[%emt 0:06:32]} 20. h4 {[%emt 0:03:30]} N8f7 {[%emt 0:06:08]} 21. Nxf7 {
[%emt 0:04:19]} Nxf7 {[%emt 0:00:11]} 22. Bg5 {[%emt 0:00:12]} Nxg5 {
[%emt 0:00:05]} 23. hxg5 {[%emt 0:03:39]} Rf7 {[%emt 0:00:10]} 24. Qe3 {
[%emt 0:03:00]} Qd6 {[%emt 0:07:02]} 25. Qe5 {[%emt 0:00:37]} Qxe5 {
[%emt 0:01:06]} 26. fxe5 {[%emt 0:00:04]} Bd7 {[%emt 0:00:03]} 27. Kd2 {
[%emt 0:04:42]} Raf8 {[%emt 0:00:19]} 28. Raf1 {[%emt 0:00:47]} Rxf1 {
[%emt 0:00:05]} 29. Rxf1 {[%emt 0:00:04]} Rxf1 {[%emt 0:00:05]} 30. Bxf1 {
[%emt 0:00:03]} Kg7 {[%emt 0:00:17]} 31. Be2 {[%emt 0:00:21]} Be8 {
[%emt 0:02:01]} 32. Ke3 {[%emt 0:01:40]} a5 {[%emt 0:08:31]} 33. Kf4 {
[%emt 0:00:00]} Kf8 {[%emt 0:00:36]} 34. Bd1 {[%emt 0:00:49]} b6 {
[%emt 0:00:15]} 35. Be2 {[%emt 0:00:51]} Ke7 {Ke4 1/2-1/2 (35) Bressy,T (2182)
-Demuth,A (2502) Avoine, France 2019 [%emt 0:03:19] [%emt 0:08:28]} 1/2-1/2

[Event "34ème Open International d'Avoine"]
[Site "AVOINE"]
[Date "2019.07.25"]
[Round "6.11"]
[White "Bailet, Pierre"]
[Black "Selebran, Henri"]
[Result "1-0"]
[WhiteElo "2494"]
[BlackElo "2070"]
[PlyCount "31"]
[EventDate "2019.??.??"]

1. Nf3 Nf6 2. g3 g6 3. Bg2 Bg7 4. c4 c5 5. Nc3 Nc6 6. d4 cxd4 7. Nxd4 O-O 8.
O-O a6 9. c5 Nxd4 10. Qxd4 Ne8 11. Qh4 d6 12. Rd1 Qa5 13. Qxe7 dxc5 14. Be3 Qb6
15. Bxc5 Qxb2 16. Na4 1-0